000 00742nam a22002057a 4500
005 2010080703443.0
010 _aENG-98547
020 _a9789380439129
_c120.00
035 _aEN-82080
037 _bDBAD/PUB
082 _a621.38171
100 _aThirumoorthy, P
_98321
245 _aMicroprocessor and applications /
_cby P. Thirumoorthy
260 _aErode
_bKongu Nadu Literature
_c2009
270 _a93, Chinnamuthu Main Street, E. K. Valasu
_bErode
_e638011
300 _a137p.:
_bill.
_c21cm (pbk)
650 _aMicroprocessor
_98322
942 _2ddc
_cEN
_h621.38171
_mTHI
999 _c39995
_d39995